Data management using stata: a practical handbook

Na minha lista:
Detalhes bibliográficos
Autor principal: Mitchell, Michael N.
Formato: Livro
Idioma:inglês
Publicado em: College Station Stata Press 2010
Assuntos:
Tags: Adicionar Tag
Sem tags, seja o primeiro a adicionar uma tag!

MARC

LEADER 00000nam a2200000 4500
001 0175191
005 20240306135617.6
020 |a 978-1-59718-076-4 
020 |a 1-59718-076-9 
041 0 |a eng 
044 |a US 
245 1 0 |a Data management using stata: a practical handbook  |c Michael N. Mitchell 
264 1 |a College Station  |b Stata Press  |c 2010 
300 |a xi, 387 s. 
610 2 0 |a dáta 
610 2 0 |a manažment 
610 2 0 |a štatistika 
610 2 0 |a spracovanie dát 
100 1 |a Mitchell, Michael N.